| 000 | 00352nam a2200121Ia 4500 | ||
|---|---|---|---|
| 008 | 160609s9999 xx 000 0 und d | ||
| 100 | _aHuffman, Terry. | ||
| 245 | _aAmerican Indian Educators In Reservation Schools | ||
| 245 | _cBy:Terry Huffman | ||
| 260 | _c2013 | ||
| 650 | _xSCHOOLS | ||
| 856 | _uhttp://file.ebook777.com/017/AmeIndEduInResSch.pdf | ||
| 999 |
_c295832 _d295832 |
||